[Event "St Petersburg Korchnoi Memorial op"]
[Site "St Petersburg"]
[Date "2018.08.19"]
[Round "5"]
[White "Lyazhkov, Sergey"]
[Black "Astakhov, Dmitrii"]
[Result "0-1"]
[WhiteElo "1835"]
[BlackElo "1641"]
[PlyCount "58"]
[EventDate "2018.08.15"]
[EventType "swiss"]
[EventRounds "9"]
[EventCountry "RUS"]
[SourceTitle "CBM 186 Extra"]
[Source "ChessBase"]
[SourceDate "2018.08.24"]
[SourceVersion "1"]
[SourceVersionDate "2018.08.24"]
[SourceQuality "1"]

1. Nf3 d5 2. c4 dxc4 3. Na3 Nf6 4. Nxc4 e6 5. g3 Be7 6. Bg2 0-0 7. 0-0 Nbd7 8. d4 c6 9. Re1 b5 10. Ne3 Bb7 11. a4 a5 12. Ne5 Qb6 13. Nxd7 Nxd7 14. axb5 cxb5 15. d5 Nc5 16. Bd2 Rfd8 17. dxe6 Nxe6 18. Qb3 Bxg2 19. Nf5 Rxd2 20. Nxe7+ Kh8 21. Kxg2 Qb7+ 22. Qf3 Qxf3+ 23. exf3 Rxb2 24. f4 a4 25. f5 Nc5 26. Rad1 a3 27. Nd5 h5 28. Nc3 b4 29. Nb1 Nb3 0-1

[Event "St Petersburg Korchnoi Memorial op"]
[Site "St Petersburg"]
[Date "2018.08.18"]
[Round "4"]
[White "Shepelev, Aleksander"]
[Black "Lyazhkov, Sergey"]
[Result "0-1"]
[WhiteElo "1548"]
[BlackElo "1835"]
[PlyCount "84"]
[EventDate "2018.08.15"]
[EventType "swiss"]
[EventRounds "9"]
[EventCountry "RUS"]
[SourceTitle "CBM 186 Extra"]
[Source "ChessBase"]
[SourceDate "2018.08.24"]
[SourceVersion "1"]
[SourceVersionDate "2018.08.24"]
[SourceQuality "1"]

1. e4 c6 2. d4 d5 3. Nc3 dxe4 4. Nxe4 Nd7 5. Nf3 Ngf6 6. Bd3 Nxe4 7. Bxe4 Nf6 8. Qd3 g6 9. h3 Bg7 10. 0-0 0-0 11. Re1 Re8 12. Bg5 Nxe4 13. Qxe4 Bf5 14. Qh4 f6 15. Be3 Bxc2 16. Rac1 Bf5 17. Rc5 Be6 18. b3 Bd5 19. Nh2 Qd7 20. Ng4 h5 21. Nh2 Kf7 22. f3 Rh8 23. Rc2 g5 24. Qf2 Rh7 25. Rce2 Rah8 26. f4 g4 27. f5 Bf8 28. Rf1 gxh3 29. Qg3 Rg7 30. Qxh3 Qd6 31. Rf4 Ke8 32. Nf3 Rgg8 33. Nh4 Bh6 34. Ng6 Rxg6 35. Qxh5 Bxf4 36. Qxh8+ Rg8 37. Qh3 Bxe3+ 38. Qxe3 Kd7 39. Qh3 Qf4 40. Qh7 Qxd4+ 41. Kf1 Qd1+ 42. Re1 Qd3+ 0-1

[Event "St Petersburg Summer op"]
[Site "St Petersburg"]
[Date "2016.08.19"]
[Round "3"]
[White "Tretyakov, Stepan"]
[Black "Lyazhkov, Sergey"]
[Result "1-0"]
[WhiteElo "2122"]
[BlackElo "1799"]
[PlyCount "83"]
[EventDate "2016.08.17"]
[EventType "swiss"]
[EventRounds "9"]
[EventCountry "RUS"]
[SourceTitle "CBM 174 Extra"]
[Source "ChessBase"]
[SourceDate "2016.10.10"]
[SourceVersion "1"]
[SourceVersionDate "2016.10.10"]
[SourceQuality "1"]

1. d4 Nf6 2. c4 g6 3. Nc3 Bg7 4. e4 d6 5. Nf3 0-0 6. h3 e5 7. d5 Na6 8. Be3 Nc5 9. Nd2 a5 10. g4 b6 11. Be2 Ne8 12. g5 f5 13. h4 f4 14. Bxc5 dxc5 15. Bg4 Nd6 16. Bxc8 Qxc8 17. a4 f3 18. Qc2 Qg4 19. 0-0-0 Qh5 20. Rh3 Rf4 21. Rdh1 Raf8 22. Nd1 Qg4 23. Ne3 Qd7 24. b3 Qe7 25. Qd3 Qd7 26. Rg3 R8f7 27. Rhh3 Qe7 28. Rxf3 Nxe4 29. Rxf4 exf4 30. Qxe4 Qd7 31. Qe6 fxe3 32. Rxe3 Qd8 33. Qe8+ Qxe8 34. Rxe8+ Bf8 35. Ne4 Rf3 36. Kc2 Rh3 37. Rc8 Rxh4 38. Nf6+ Kg7 39. Rxc7+ Kh8 40. Rd7 Rh2 41. Kd3 Rh4 42. Ke3 1-0

[Event "St Petersburg Blockade op"]
[Site "St Petersburg"]
[Date "2013.01.07"]
[Round "5"]
[White "Gantsevich, Aleksey A"]
[Black "Lyazhkov, Sergey"]
[Result "0-1"]
[WhiteElo "1620"]
[BlackElo "1780"]
[PlyCount "52"]
[EventDate "2013.01.03"]
[EventType "swiss"]
[EventRounds "9"]
[EventCountry "RUS"]
[SourceTitle "CBM 152 Extra"]
[Source "ChessBase"]
[SourceDate "2013.02.25"]
[SourceVersion "1"]
[SourceVersionDate "2013.02.25"]
[SourceQuality "1"]

1. e4 c5 2. Nf3 e6 3. d4 cxd4 4. Nxd4 a6 5. Be3 Nf6 6. Nc3 Qc7 7. Qd2 Bb4 8. f3 d5 9. Bd3 e5 10. Nb3 d4 11. Nxd4 exd4 12. Bxd4 Nbd7 13. a3 Bxc3 14. Bxc3 0-0 15. 0-0-0 Nh5 16. g3 h6 17. Rhg1 Ne5 18. Be2 Nc6 19. g4 Nf4 20. g5 h5 21. Qe3 Ne7 22. Bb4 Re8 23. Bd6 Ned5 24. Qxf4 Nxf4 25. Bxc7 Nxe2+ 26. Kb1 Nxg1 0-1

[Event "St Petersburg Blockade op"]
[Site "St Petersburg"]
[Date "2013.01.06"]
[Round "4"]
[White "Lyazhkov, Sergey"]
[Black "Glazov, Anatoly"]
[Result "0-1"]
[WhiteElo "1780"]
[BlackElo "1895"]
[PlyCount "58"]
[EventDate "2013.01.03"]
[EventType "swiss"]
[EventRounds "9"]
[EventCountry "RUS"]
[SourceTitle "CBM 152 Extra"]
[Source "ChessBase"]
[SourceDate "2013.02.25"]
[SourceVersion "1"]
[SourceVersionDate "2013.02.25"]
[SourceQuality "1"]

1. e4 e5 2. Bc4 Bc5 3. Nf3 Nc6 4. c3 Nf6 5. d4 exd4 6. cxd4 Bb4+ 7. Nc3 Nxe4 8. 0-0 Bxc3 9. bxc3 d5 10. Bd3 0-0 11. c4 Re8 12. Qb3 Na5 13. Qb4 b6 14. Bb2 Ba6 15. Bxe4 Rxe4 16. Nd2 Bxc4 17. Nxe4 Bxf1 18. Rxf1 dxe4 19. Qc3 Qd7 20. f3 exf3 21. Rxf3 Re8 22. Rg3 Nc6 23. d5 Ne5 24. Rxg7+ Kxg7 25. Qg3+ Kf6 26. Qf4+ Qf5 27. Qh6+ Ke7 28. Qh4+ Kd7 29. Qa4+ Kd8 0-1

[Event "St Petersburg Blockade op"]
[Site "St Petersburg"]
[Date "2013.01.03"]
[Round "1"]
[White "Belenkaya, Dina"]
[Black "Lyazhkov, Sergey"]
[Result "1-0"]
[WhiteElo "2200"]
[BlackElo "1780"]
[PlyCount "141"]
[EventDate "2013.01.03"]
[EventType "swiss"]
[EventRounds "9"]
[EventCountry "RUS"]
[SourceTitle "CBM 152 Extra"]
[Source "ChessBase"]
[SourceDate "2013.02.25"]
[SourceVersion "1"]
[SourceVersionDate "2013.02.25"]
[SourceQuality "1"]

1. e4 e5 2. Nf3 Nc6 3. Bb5 Nf6 4. 0-0 Nxe4 5. d4 Nd6 6. Bxc6 dxc6 7. dxe5 Nf5 8. Qe2 Nd4 9. Nxd4 Qxd4 10. Rd1 Bg4 11. Rxd4 Bxe2 12. Nc3 Bh5 13. Bg5 Be7 14. Bxe7 Kxe7 15. g4 Bg6 16. f4 h5 17. f5 Bh7 18. Rad1 hxg4 19. Rd7+ Ke8 20. f6 gxf6 21. exf6 Bxc2 22. Re7+ Kf8 23. Rdd7 Bg6 24. Ne2 Rh7 25. Rxc7 Bd3 26. Nd4 Bc4 27. Nf5 Bxa2 28. Rxb7 Bd5 29. Rb4 Rh5 30. Rxa7 Rd8 31. Rd7 Ke8 32. Re7+ Kf8 33. Nd6 Be6 34. Rbb7 Rh6 35. Ne4 Bd5 36. Ng5 Kg8 37. Nxf7 Bxf7 38. Rxf7 Rd1+ 39. Kg2 Rg6 40. Kg3 Rd4 41. Rg7+ Rxg7 42. Rxg7+ Kf8 43. Rxg4 Rd6 44. Rf4 Kf7 45. b4 Rd5 46. Kg4 Rb5 47. Rc4 Rb6 48. Kf5 Rb5+ 49. Ke4 Kxf6 50. Rxc6+ Ke7 51. Rc4 Rh5 52. Rd4 Rxh2 53. Kd3 Rh1 54. Kc4 Rc1+ 55. Kb5 Rb1 56. Kc5 Ke6 57. b5 Rc1+ 58. Kb6 Ke5 59. Rd8 Ke6 60. Kb7 Ke7 61. Rd4 Rb1 62. b6 Ke6 63. Kc7 Rc1+ 64. Kb8 Ke7 65. b7 Rb1 66. Kc7 Rc1+ 67. Kb6 Rb1+ 68. Kc6 Ke8 69. Rd5 Ke7 70. Rb5 Rc1+ 71. Kb6 1-0

[Event "St Petersburg Botvinnik Memorial op"]
[Site "St Petersburg"]
[Date "2012.09.02"]
[Round "9"]
[White "Lyazhkov, Sergey"]
[Black "Levdansky, Alexey"]
[Result "1-0"]
[WhiteElo "1769"]
[BlackElo "1716"]
[PlyCount "135"]
[EventDate "2012.08.25"]
[EventType "swiss"]
[EventRounds "9"]
[EventCountry "RUS"]
[SourceTitle "CBM 150 Extra"]
[Source "ChessBase"]
[SourceDate "2012.10.19"]
[SourceVersion "1"]
[SourceVersionDate "2012.10.19"]
[SourceQuality "1"]

1. Nf3 c5 2. g3 Nc6 3. Bg2 g6 4. 0-0 Bg7 5. d3 Nf6 6. e4 0-0 7. Nc3 d5 8. Bg5 dxe4 9. dxe4 Bd7 10. Re1 h6 11. Bxf6 Bxf6 12. e5 Bg7 13. Na4 b6 14. Nc3 Rc8 15. Qd2 Be6 16. Rad1 Qxd2 17. Rxd2 Rfd8 18. Nb5 Rxd2 19. Nxd2 a6 20. Bxc6 Rxc6 21. Nc3 Bd5 22. Nxd5 Kf8 23. Nc3 b5 24. Nf3 f6 25. e6 f5 26. Ne5 Bxe5 27. Rxe5 b4 28. Na4 c4 29. Nc5 a5 30. Kf1 Kg7 31. Nd7 a4 32. Re3 b3 33. axb3 c3 34. bxa4 cxb2 35. Rb3 Rxc2 36. Kg2 Re2 37. a5 g5 38. Nc5 Re5 39. Nd3 Rxa5 40. Rxb2 Ra6 41. Re2 Kf6 42. Nc5 Rc6 43. Nd7+ Kg7 44. Re5 f4 45. g4 Rd6 46. Re4 Rc6 47. Re5 Rd6 48. Nc5 Rc6 49. f3 Kg6 50. Rf5 h5 51. h4 gxh4 52. Rxh5 Kg7 53. Kh3 Kg6 54. Kxh4 Rd6 55. Rg5+ Kh6 56. Rf5 Rc6 57. Nd3 Rc3 58. Rh5+ Kg6 59. Nxf4+ Kg7 60. Kg3 Rc1 61. Nd5 Rg1+ 62. Kf2 Rb1 63. Nxe7 Rb6 64. Nf5+ Kg6 65. Rh6+ Kg5 66. Kg3 Rb4 67. e7 Rc4 68. e8Q 1-0

[Event "St Petersburg Botvinnik Memorial op"]
[Site "St Petersburg"]
[Date "2012.08.29"]
[Round "5"]
[White "Kaneyama, Men Cher"]
[Black "Lyazhkov, Sergey"]
[Result "1/2-1/2"]
[WhiteElo "1955"]
[BlackElo "1769"]
[PlyCount "100"]
[EventDate "2012.08.25"]
[EventType "swiss"]
[EventRounds "9"]
[EventCountry "RUS"]
[SourceTitle "CBM 150 Extra"]
[Source "ChessBase"]
[SourceDate "2012.10.19"]
[SourceVersion "1"]
[SourceVersionDate "2012.10.19"]
[SourceQuality "1"]

1. e4 e5 2. Nf3 Nc6 3. Bb5 Nf6 4. Qe2 Bc5 5. Bxc6 dxc6 6. Nxe5 Qe7 7. Nd3 Bd4 8. c3 Bb6 9. f3 0-0 10. Nf2 Nd7 11. d4 c5 12. Be3 cxd4 13. Bxd4 c5 14. Be3 Re8 15. 0-0 Bc7 16. f4 f5 17. Nd2 b6 18. Qc4+ Kh8 19. Qd5 Ba6 20. Rfe1 g6 21. e5 Rad8 22. Qf3 Nf8 23. Qg3 Ne6 24. Nf3 Qd7 25. Nh3 Nf8 26. b4 c4 27. Bd4 Ne6 28. Nhg5 Kg8 29. Nxe6 Rxe6 30. Ng5 Bb7 31. Nxe6 Qxe6 32. Qg5 Be4 33. Rad1 Rd5 34. Bf2 Rd3 35. Bd4 Kf7 36. g3 Kg8 37. Qf6 Qxf6 38. exf6 Kf7 39. Rxd3 cxd3 40. Rd1 Bd8 41. Kf2 Bxf6 42. Bxf6 Kxf6 43. Ke3 b5 44. Kd4 Ke6 45. Kc5 a6 46. Kb6 Kd5 47. Kxa6 Kc4 48. Ka5 Bc6 49. Kb6 Be4 50. Ka5 Bc6 1/2-1/2

[Event "St Petersburg Botvinnik Memorial op"]
[Site "St Petersburg"]
[Date "2012.08.26"]
[Round "2"]
[White "Lyazhkov, Sergey"]
[Black "Yakupova, Aysyla"]
[Result "0-1"]
[WhiteElo "1769"]
[BlackElo "2116"]
[PlyCount "110"]
[EventDate "2012.08.25"]
[EventType "swiss"]
[EventRounds "9"]
[EventCountry "RUS"]
[SourceTitle "CBM 150 Extra"]
[Source "ChessBase"]
[SourceDate "2012.10.19"]
[SourceVersion "1"]
[SourceVersionDate "2012.10.19"]
[SourceQuality "1"]

1. Nf3 d5 2. c4 e6 3. g3 f5 4. b3 Nf6 5. Bg2 Bd6 6. d4 c6 7. 0-0 0-0 8. Bb2 Nbd7 9. Nbd2 Qe8 10. Ne5 g5 11. e3 g4 12. Rc1 Ne4 13. Nxe4 dxe4 14. Nxd7 Bxd7 15. d5 cxd5 16. cxd5 e5 17. Re1 Rf6 18. h3 gxh3 19. Bxh3 Rh6 20. Bf1 Qe7 21. Bc4 Qg5 22. a3 Re8 23. Rc3 f4 24. exf4 exf4 25. Bc1 e3 26. Bxe3 fxe3 27. Rcxe3 Rxe3 28. Rxe3 Rf6 29. Qd2 Bf4 30. Qa5 b6 31. d6+ Kf8 32. Qxg5 Bxg5 33. f4 Bh6 34. Re7 Rxd6 35. Rf7+ Ke8 36. Rxh7 b5 37. Bxb5 Bxb5 38. Rxa7 Bf8 39. Ra8+ Kf7 40. Ra7+ Kg6 41. b4 Rd2 42. Ra5 Bc4 43. Rg5+ Kh6 44. Ra5 Bg7 45. g4 Bd4+ 46. Kh1 Bb6 47. Rh5+ Kg7 48. Rg5+ Kf7 49. Rf5+ Ke7 50. Re5+ Kd6 51. a4 Bd5+ 52. Rxd5+ Kxd5 53. a5 Bd4 54. b5 Ke4 55. g5 Kxf4 0-1